[Event "Muehlhaeusen op"]
[Site "Muehlhausen"]
[Date "2007.05.16"]
[Round "1.25"]
[White "Werner, Hubert"]
[Black "Kirchner, Hans"]
[Result "1-0"]
[WhiteElo "2025"]
[BlackElo "832"]
[PlyCount "89"]
[EventDate "2007.05.16"]
[EventType "swiss"]
[EventRounds "7"]
[EventCountry "GER"]
[SourceTitle "CBM 118 Extra"]
[Source "ChessBase"]
[SourceDate "2007.07.04"]
[SourceVersion "1"]
[SourceVersionDate "2007.07.04"]
[SourceQuality "1"]

1. c4 e5 2. Nc3 Bb4 3. Nf3 d6 4. g3 Bg4 5. Bg2 Nf6 6. 0-0 Nc6 7. d3 Bc5 8. a3 Nd4 9. Nxd4 Bxd4 10. Bxb7 Rb8 11. Bg2 h6 12. Qc2 0-0 13. e3 Bc5 14. b4 Bb6 15. Bb2 c5 16. Nd5 Nxd5 17. Bxd5 Bh3 18. Bg2 Bxg2 19. Kxg2 Qc7 20. e4 Ra8 21. f4 cxb4 22. fxe5 dxe5 23. axb4 a5 24. bxa5 Rxa5 25. Rxa5 Bxa5 26. Ba3 Rd8 27. Rf3 f6 28. Bc1 Qc5 29. Be3 Qd6 30. c5 Qxd3 31. Qa2+ Kh8 32. Qxa5 Rc8 33. Qb4 Qe2+ 34. Bf2 Qc2 35. Rc3 Qd2 36. c6 Rc7 37. Qc4 Kh7 38. Rc2 Qa5 39. Rb2 Qa8 40. Rb6 Qa7 41. Rb7 Qa5 42. Rxc7 Qxc7 43. Qd5 g5 44. Qd7+ Qxd7 45. cxd7 1-0